Bilder aus Ungarn Orchester-Partitur /

Hlavní autor: Bartók, Béla, 1881-1945
Jazyk: Nelze použít, není lingvistický obsah
Vydáno: Budapest : Rozsnyai, 1932
Fyzický popis: 1 partitura (28 s.)
Hudebniny Hudebniny
Uloženo v:
LEADER 00977ncm a22002412a 4500
001 001217619
003 CZ BrMZK
005 20120529115638.0
007 qu
008 101101s1932 hu |||||||||||||||||zxx d
040 |a BOA001  |b cze 
072 7 |a 785  |x Instrumentální hudba. Symfonická hudba. Hudba pro více nástrojů  |2 Konspekt  |9 9 
100 1 |a Bartók, Béla,  |d 1881-1945  |7 jn19990000488  |4 cmp 
245 1 0 |a Bilder aus Ungarn  |h [hudebnina] :  |b Orchester-Partitur /  |c Béla Bartók 
260 |a Budapest :  |b Rozsnyai,  |c 1932 
300 |a 1 partitura (28 s.) 
500 |a Symfonický orchestr 
910 |a BOA001  |b Mus4-0306.959 
990 |a MU 
991 |b 201205 
996 7 |b 2619571440  |c Mus4-0306.959  |l MZK  |r Sklad / do 1 hodiny  |n 0  |w 001251335  |u 000030  |a 1  |e BOA001  |j MZK50  |s A 
996 7 |b 2619571441  |c Mus4-0306.959  |l MZK  |r Sklad / do 1 hodiny  |n 0  |w 001251335  |u 000020  |a 1  |e BOA001  |j MZK50  |s A 
996 7 |b 2619571442  |c Mus4-0306.959  |l MZK  |r Sklad / do 1 hodiny  |n 0  |w 001251335  |u 000010  |a 1  |e BOA001  |j MZK50  |s A